Never ever getting rid of me- WAITRESS LYRICS - Statistics

General Stats
  • This quiz has been taken 35 times
  • The average score is 275 of 310
Answer Stats
Answer % Correct
a
100%
an
100%
be
100%
but
100%
ever
100%
get,
100%
get
100%
getting
100%
Go
100%
go
100%
I
100%
in
100%
love
100%
me
100%
me"
100%
my
100%
never
100%
not
100%
Not
100%
of
100%
rid
100%
She
100%
she
100%
the
100%
to
100%
try,
100%
who
100%
will
100%
you
100%
You
100%
your
100%
and
95%
can
95%
come
95%
do
95%
family
95%
for
95%
her
95%
it
95%
leav
95%
let
95%
mother
95%
Oh,
95%
oh,
95%
Oh
95%
on
95%
our
95%
say
95%
this
95%
what
95%
what?
95%
What
95%
When
95%
won't
95%
you're
95%
about
89%
best
89%
did
89%
follow
89%
gonna
89%
I'm
89%
learn
89%
like
89%
promise
89%
right
89%
She's
89%
so
89%
trying
89%
up
89%
was
89%
wherever
89%
you'll
89%
You'll
89%
ask
84%
call
84%
cat
84%
far
84%
hard
84%
If
84%
just
84%
leave!
84%
lying
84%
Please
84%
probably
84%
thought
84%
we
84%
back
79%
catch
79%
everybody!
79%
fish
79%
friend
79%
going,
79%
have
79%
hilarious
79%
history
79%
know
79%
means
79%
more
79%
new
79%
only
79%
outside
79%
pie
79%
played
79%
test
79%
that
79%
waiting
79%
work!
79%
ahead
74%
called
74%
city
74%
grew
74%
kind
74%
kitty
74%
meet
74%
moving
74%
"Ogie
74%
sardine
74%
scratched
74%
seems
74%
take
74%
bestfriend,
68%
between
68%
blah
68%
child
68%
dinner
68%
Now
68%
stray
68%
already
63%
another
63%
bouquet
63%
Dawn!
63%
has
63%
hissing
63%
learned
63%
man,
63%
quite,
63%
Show
63%
stood
63%
suburb
63%
Such
63%
check?
58%
perseverance
58%
quickly
58%
Ready
58%
while
58%
yap
58%
days
53%
seen
53%
stubborn
53%
anybody
47%
likely
42%
mixed
42%
alone
37%
spent
37%
yip
37%
No matching quizzes found
Score Distribution
Percent of People with Each Score
Percentile by Number Answered
Your Score History
You have not taken this quiz